Ч. 1; Макроэкономика

Dades bibliogràfiques
Parent link:Макроэкономика: учебник и практикум для бакалавриата и магистратуры/ Ю. В. Вымятнина, К. Ю. Борисов, М. А. Пахнин. Ч. 1.— , 2016.— 978-5-9916-6167-6
Sumari:Учебник содержит систематизированное изложение основных проблем и моделей современной макроэкономики. Теоретические модели и концепции проиллюстриро­ваны историческими и современными примерами, каждая модель сопровождается четким изложением предпосылок. Особое внимание уделено исследованию состава участников макроэкономических отношений, подробно описаны основные макроэко­номические рынки.Каждая глава снабжена списком литературы; даются отсылки к оригинальным публикациям, на основе которых были разработаны различные модели. Подача мате­риала позволяет использовать этот учебник для студентов различных экономических специальностей.Соответствует актуальным требованиям Федерального государственного образо­вательного стандарта высшего образования.Для студентов высших учебных заведений, аспирантов, преподавателей, научных и практических работников.
Idioma:rus
Publicat: 2016
Matèries:
Format: MixedMaterials Llibre
KOHA link:https://koha.lib.tpu.ru/cgi-bin/koha/opac-detail.pl?biblionumber=301285

MARC

LEADER 00000nam2a2200000 4500
001 301285
005 20231102001403.0
010 |a 9785991670579 
035 |a (RuTPU)RU\TPU\book\326457 
090 |a 301285 
100 |a 20150728d2016 m y0rusy50 ca 
101 0 |a rus 
102 |a RU 
105 |a a j 001zy 
200 0 |a Ч. 1 
210 |d 2016 
215 |a 294 с.  |c ил. 
320 |a Библиография в конце глав. 
330 |a Учебник содержит систематизированное изложение основных проблем и моделей современной макроэкономики. Теоретические модели и концепции проиллюстриро­ваны историческими и современными примерами, каждая модель сопровождается четким изложением предпосылок. Особое внимание уделено исследованию состава участников макроэкономических отношений, подробно описаны основные макроэко­номические рынки.Каждая глава снабжена списком литературы; даются отсылки к оригинальным публикациям, на основе которых были разработаны различные модели. Подача мате­риала позволяет использовать этот учебник для студентов различных экономических специальностей.Соответствует актуальным требованиям Федерального государственного образо­вательного стандарта высшего образования.Для студентов высших учебных заведений, аспирантов, преподавателей, научных и практических работников. 
461 1 |0 (RuTPU)RU\TPU\book\299516  |y 978-5-9916-6167-6  |t Макроэкономика  |o учебник и практикум для бакалавриата и магистратуры  |o в 2 ч.  |f Ю. В. Вымятнина, К. Ю. Борисов, М. А. Пахнин  |v Ч. 1  |d 2016  |s Бакалавр - Магистр 
606 1 |a Макроэкономика  |2 stltpush  |3 (RuTPU)RU\TPU\subj\36372  |9 57778 
610 1 |a макроэкономические показатели 
610 1 |a макроэкономическая статистика 
610 1 |a участники 
610 1 |a макроэкономические рынки 
610 1 |a рынок услуг 
610 1 |a рынок продуктов 
610 1 |a финансовый рынок 
610 1 |a сбережения 
610 1 |a инвестиции 
610 1 |a рынок труда 
610 1 |a рынок денег 
610 1 |a неоклассические модели 
610 1 |a кейнсианские модели 
610 1 |a модель IS-LM 
610 1 |a совокупное предложение 
610 1 |a совокупный спрос 
610 1 |a кривая Филлипса 
610 1 |a модель AD-AS 
610 1 |a экономическая политика 
610 1 |a ожидания 
610 1 |a учебники 
610 1 |a практикумы 
686 |a У012.2я73  |v LBC/SL-A  |2 rubbk 
801 1 |a RU  |b 63413507  |c 20150728 
801 2 |a RU  |b 63413507  |c 20160408  |g RCR 
900 |a Макроэкономика 
942 |c BK 
951 |l 8.1  |l 8.3 
959 |a 80/20150602  |d 3  |e 839,00  |f ЧЗГЛ:1  |f УФ:2 
959 |a 153/20151214  |d 1  |e 839,00  |f ЧЗГЛ:1